LIBRARY & INFORMATION CENTRE, KCAET, TAVANUR

ONLINE PUBLIC ACCESS CATALOGUE (OPAC)

Agricultural technology application : for enhancing productivity (Record no. 15575)

MARC details
000 -LEADER
fixed length control field 00364nam a22001337a 4500
003 - CONTROL NUMBER IDENTIFIER
control field OSt
008 - FIXED-LENGTH DATA ELEMENTS--GENERAL INFORMATION
fixed length control field 190516b ||||| |||| 00| 0 eng d
020 ## - INTERNATIONAL STANDARD BOOK NUMBER
ISBN 9789384337841
082 ## - DEWEY DECIMAL CLASSIFICATION NUMBER
Classification number 338.162
Item number SIN/AG
245 ## - TITLE STATEMENT
Title Agricultural technology application : for enhancing productivity
260 ## - PUBLICATION, DISTRIBUTION, ETC. (IMPRINT)
Place of publication Delhi
Name of publisher Narendra Publishing House
Year of publication 2016
300 ## - PHYSICAL DESCRIPTION
Number of Pages 449 p.
942 ## - ADDED ENTRY ELEMENTS (KOHA)
Koha item type Books
Holdings
Withdrawn status Lost status Damaged status Collection code Home library Current library Shelving location Date acquired Full call number Accession Number Koha item type
      Non-fiction KAUAET KAUAET General Stacks 16/05/2019 338.162 SIN/AG 25805 Books
free website counter